000 00495nam a2200181Ia 4500
003 GCL
008 140319s9999 xx 000 0 ara d
040 _aGCL /
_cGCL
082 0 4 _a813.03
_bت ت
100 1 _aتوفيق الحكيم
245 1 0 _aتحت شمس الفكر /
_cتوفيق الحكيم
260 _a[S.N] :
_bمكتبة مصر ،
_c1988
300 _a256 ص
490 _a
650 0 4 _aالادب العربى
650 0 4 _aمقالات ومحاضرات
942 _2ddc
_cBK
999 _c53353
_d53353